<?xml version="1.0" encoding="UTF-8"?><?xml-stylesheet type="text/xsl" href="static/style.xsl"?><OAI-PMH xmlns="http://www.openarchives.org/OAI/2.0/" xmlns:xsi="http://www.w3.org/2001/XMLSchema-instance" xsi:schemaLocation="http://www.openarchives.org/OAI/2.0/ http://www.openarchives.org/OAI/2.0/OAI-PMH.xsd"><responseDate>2026-06-29T02:51:32Z</responseDate><request verb="GetRecord" identifier="oai:docta.ucm.es:20.500.14352/102159" metadataPrefix="marc">https://docta.ucm.es/rest/oai/request</request><GetRecord><record><header><identifier>oai:docta.ucm.es:20.500.14352/102159</identifier><datestamp>2025-03-18T13:49:11Z</datestamp><setSpec>com_20.500.14352_14</setSpec><setSpec>col_20.500.14352_21</setSpec></header><metadata><record xmlns="http://www.loc.gov/MARC21/slim" xmlns:dcterms="http://purl.org/dc/terms/" xmlns:xsi="http://www.w3.org/2001/XMLSchema-instance" xmlns:doc="http://www.lyncode.com/xoai" xsi:schemaLocation="http://www.loc.gov/MARC21/slim http://www.loc.gov/standards/marcxml/schema/MARC21slim.xsd">
   <leader>00925njm 22002777a 4500</leader>
   <datafield ind2=" " ind1=" " tag="042">
      <subfield code="a">dc</subfield>
   </datafield>
   <datafield ind2=" " ind1=" " tag="720">
      <subfield code="a">González Gómez, María Paloma</subfield>
      <subfield code="e">author</subfield>
   </datafield>
   <datafield ind2=" " ind1=" " tag="260">
      <subfield code="c">2018</subfield>
   </datafield>
   <datafield ind2=" " ind1=" " tag="520">
      <subfield code="a">La intensificación de las corrientes migratorias irregulares hacia la UE desde las tres principales rutas del Mediterráneo, derivada de los conflictos
políticos, económicos y sociales en determinados países de Oriente Medio,
África y Asia, ha supuesto la mayor crisis humanitaria, a la vez que un reto
en cuanto a su gestión. En esta lógica, la inmigración irregular se convierte
en un tema principal del escenario geopolítico. Sin embargo, las políticas
comunitarias continúan sesgadas hacia la seguridad, el control fronterizo y
el aumento de tendencias renacionalizadoras en determinados Estados. El
objetivo de este trabajo es analizar el fenómeno migratorio a través de las
rutas por el Mediterráneo, sus características y consecuencias.</subfield>
   </datafield>
   <datafield ind2=" " ind1=" " tag="520">
      <subfield code="a">The intensification of irregular migratory flows to the EU from the three main
Mediterranean routes, resulting from political, economic and social conflicts in
certain countries of the Middle East, Africa and Asia, has been the greatest humanitarian crisis, as well as a challenge in terms of its management. In this
logic, irregular immigration becomes a major theme of the geopolitical scenario. However, community policies continue to be biased towards security, border
control and the increase of re-nationalizing tendencies in certain States. The
objective of this work is to analyse the migratory phenomenon through Mediterranean routes, its characteristics and consequences</subfield>
   </datafield>
   <datafield ind1="8" ind2=" " tag="024">
      <subfield code="a">González del Miño, P. (2018). El Mediterráneo y la migración ilegal. El tráfico humano. En Mares violentos (pp. 129-158). Instituto Español de Estudios Estratégicos.</subfield>
   </datafield>
   <datafield ind1="8" ind2=" " tag="024">
      <subfield code="a">https://hdl.handle.net/20.500.14352/102159</subfield>
   </datafield>
   <datafield ind1="8" ind2=" " tag="024">
      <subfield code="a">https://www.ieee.es/publicaciones-new/documentos-de-trabajo/2018/Doc_SegyDef_75.html</subfield>
   </datafield>
   <datafield ind2="0" ind1="0" tag="245">
      <subfield code="a">El Mediterráneo y la migración ilegal: el tráfico humano</subfield>
   </datafield>
</record></metadata></record></GetRecord></OAI-PMH>